000 00560nam a2200217Ia 4500
003 OSt
005 20220928145114.0
006 a|||||r|||| 00| 0
007 ta
008 220927b |||||||| |||| 00| 0 eng d
024 _a78865
037 _cAnnuals, Advances
040 _aSDCL
_cSDCL
_beng
041 _2eng
_aeng
082 _aV42'N4, K9
100 _aChinnock Frank W
_9511751
245 0 _aNagasaki
_b The forgotten bomb.
260 _c1969
942 _hV42'N4, K9
_cREF
_2CC
999 _c832053
_d832053